[Event "34th Chess Olympiad (men)"]
[Site "Istanbul"]
[Date "2000.10.31"]
[Round "4.31.3"]
[White "Abdel, Razik Khaled"]
[Black "Sequera, Jose"]
[WhiteElo "2405"]
[BlackElo "2357"]
[WhiteCountry "EGY"]
[BlackCountry "VEN"]
[Result "1-0"]

1. d4 f5 2. Nf3 Nf6 3. c4 g6 4. e3 Bg7 5. Bd3 d6 6. O-O Nc6 7. b4 Nxb4 
8. Qa4+ Nc6 9. d5 Nxd5 10. cxd5 Bxa1 11. dxc6 bxc6 12. Nd4 O-O 13. Qxc6 Bd7 
14. Qc4+ Kh8 15. Nc3 c5 16. Nde2 Rb8 17. e4 Rb4 18. Qa6 Qa8 19. Bh6 Bxc3 
20. Nxc3 Rfb8 21. Re1 Bc8 22. Qa3 Bb7 23. f3 e5 24. Qa5 Rc8 25. Nb5 fxe4 
26. Nxd6 exd3 27. Nxc8 Qxc8 28. Rxe5 Rb1+ 29. Kf2 Rb2+ 30. Ke1 d2+ 31. Bxd2 Rb6 
32. Qc3 Kg8 33. Qc4+ Kg7 34. Re7+ 
1-0

[Event "34th Chess Olympiad (men)"]
[Site "Istanbul"]
[Date "2000.10.31"]
[Round "4.31.4"]
[White "Ostos, Julio"]
[Black "El Arousy Abdul, Hameed"]
[WhiteElo "2344"]
[BlackElo "2363"]
[WhiteCountry "VEN"]
[BlackCountry "EGY"]
[Result "0-1"]

1. e4 e6 2. d4 d5 3. Nd2 Nf6 4. e5 Nfd7 5. Bd3 c5 6. c3 Nc6 7. Ne2 cxd4 
8. cxd4 f6 9. exf6 Qxf6 10. Nf3 h6 11. O-O Bd6 12. Nc3 O-O 13. a3 Rd8 
14. Re1 Nf8 15. Be3 Bd7 16. h3 Be8 17. Nh2 Bg6 18. Ng4 Qh4 19. Bf1 Bc7 
20. Qd2 Bf5 21. g3 Qh5 22. Qd1 Qg6 23. Rc1 a6 24. Bg2 Nd7 25. Nh2 Qf6 
26. f4 Nb6 27. Bf2 Nc4 28. Re2 Bg6 29. Ng4 Qf7 30. Qe1 h5 31. Nh2 Re8 
32. Nf3 Qf6 33. Rd1 Rad8 34. Ng5 Bf7 35. h4 Bb6 36. Nf3 Nd6 37. Bh3 Nf5 
38. Qd2 Bg6 39. Kh2 Nd6 40. Rxe6 Rxe6 41. Nxd5 Qf7 42. Bxe6 Qxe6 43. Nxb6 Ne4 
44. Qe3 Qg4 45. Re1 Bf5 46. d5 Ne7 47. Nd4 Nxf2 48. Nxf5 Qh3+ 49. Kg1 Nxf5 
50. Qxf2 Nxg3 51. Qf3 Qxh4 52. Re5 Rf8 53. d6 Rxf4 54. Re8+ Kh7 55. Qxf4 Qxf4 
56. d7 Qf1+ 57. Kh2 Qf2+ 58. Kh3 Nf5 
0-1

[Event "34th Chess Olympiad (men)"]
[Site "Istanbul"]
[Date "2000.10.31"]
[Round "4.32.1"]
[White "Lodhi, Mahmood"]
[Black "Bin Sattar, Reefat"]
[WhiteElo "2438"]
[BlackElo "2467"]
[WhiteCountry "PAK"]
[BlackCountry "BAN"]
[Result "0-1"]

1. d4 d5 2. Nf3 c6 3. g3 Nf6 4. Bg2 Bf5 5. O-O e6 6. c4 h6 7. Nc3 Nbd7 
8. b3 Be7 9. Bb2 O-O 10. Nd2 Qb6 11. e4 dxe4 12. Ndxe4 Rad8 13. Qe2 Nxe4 
14. Nxe4 Nf6 15. Nc5 Bxc5 16. dxc5 Qxc5 17. Bxf6 gxf6 18. Qh5 Rd4 19. Qxh6 Bd3 
20. Rfd1 Qg5 21. Qxg5+ fxg5 22. Rd2 Rfd8 23. Rad1 e5 24. f4 gxf4 25. gxf4 Bf5 
26. Rxd4 Rxd4 27. Rxd4 exd4 28. c5 Bb1 29. b4 Bxa2 30. b5 cxb5 31. Bxb7 a5 
32. Ba6 a4 33. c6 Be6 34. f5 a3 
0-1

[Event "34th Chess Olympiad (men)"]
[Site "Istanbul"]
[Date "2000.10.31"]
[Round "4.32.3"]
[White "Amer, Karim"]
[Black "Al Rakib, Abdullah"]
[WhiteElo "2240"]
[BlackElo "2386"]
[WhiteCountry "PAK"]
[BlackCountry "BAN"]
[Result "1-0"]

1. f4 d5 2. Nf3 c6 3. e3 Bg4 4. c4 e6 5. cxd5 exd5 6. Be2 Nd7 7. b3 Ngf6 
8. Bb2 Bxf3 9. Bxf3 Bc5 10. Qc2 O-O 11. Nc3 a5 12. Ne2 a4 13. O-O axb3 
14. axb3 Qb6 15. g4 Rae8 16. g5 Ne4 17. Bxe4 Rxe4 18. Ng3 Rb4 19. Qf5 Qd8 
20. Nh5 d4 21. Rf3 g6 22. Qxd7 gxh5 23. Qf5 Qd5 24. Qxd5 cxd5 25. Ba3 Ra8 
26. Rff1 Rxa3 27. Rxa3 dxe3 28. dxe3 Rb5 29. Ra8+ Kg7 30. Rf3 Rxb3 31. Kf2 Rb2+ 
32. Kg3 h4+ 33. Kh3 Re2 34. Re8 h5 35. Re5 Rd2 36. e4 dxe4 37. Rxe4 Bg1 
38. Kxh4 Rxh2+ 39. Kg3 f5 40. gxf6ep+ Kxf6 41. Rd3 h4+ 42. Kg4 Rg2+ 
43. Kxh4 Kf5 44. Rb4 Rg4+ 45. Kh3 Rxf4 46. Rxb7 Bd4 47. Rf7+ Bf6 48. Rd6 Kg6 
49. Rf8 Rf3+ 50. Kg4 Rf1 51. Ra6 Rg1+ 52. Kf4 Rf1+ 53. Kg3 Kg7 54. Rc8 Rg1+ 
55. Kf2 Rg5 56. Ra7+ Kh6 57. Kf3 Rf5+ 58. Ke4 Rg5 59. Ra6 Kg6 60. Rg8+ Kf7 
61. Rxg5 Bxg5 62. Kf5 Be7 63. Ra7 Kf8 64. Ke6 Bb4 65. Rf7+ Kg8 66. Kf6 Bc3+ 
67. Kg6 
1-0

[Event "34th Chess Olympiad (men)"]
[Site "Istanbul"]
[Date "2000.10.31"]
[Round "4.32.4"]
[White "Uddin, Saif"]
[Black "Waqar, Mohamed"]
[WhiteElo "2267"]
[BlackElo "2208"]
[WhiteCountry "BAN"]
[BlackCountry "PAK"]
[Result "1-0"]

1. Nf3 Nf6 2. b3 g6 3. Bb2 Bg7 4. g3 O-O 5. Bg2 d6 6. d4 c5 7. O-O cxd4 
8. Nxd4 a6 9. c4 Qc7 10. Nc3 Nc6 11. e4 Bg4 12. Qd2 Rac8 13. h3 Bd7 14. Nc2 Qb8 
15. Ne3 b5 16. Rac1 bxc4 17. Nxc4 Be6 18. Nd5 Rfd8 19. Nxf6+ exf6 20. Ne3 Qb6 
21. Nd5 Bxd5 22. exd5 Ne5 23. Bd4 Qb7 24. Kh2 Rxc1 25. Rxc1 Rc8 26. f4 Nd7 
27. Rc6 Bf8 28. Qc3 Rd8 29. Qa5 Be7 30. Qxa6 Qb4 31. Qc4 Qd2 32. b4 Bf8 
33. a4 Re8 34. Qc3 Qa2 35. Qc2 Qa3 36. Rc4 h5 37. Bb2 Qe3 38. h4 Bg7 
39. Rc8 Rxc8 40. Qxc8+ Nf8 41. Qc3 Qe2 42. b5 g5 43. hxg5 Ng6 44. Qc8+ Kh7 
45. Bxf6 Qf2 46. Qc3 Bxf6 47. gxf6 h4 48. Qf3 Qd4 49. b6 hxg3+ 50. Kxg3 Qxf6 
51. Qh5+ Kg7 52. Qg5 Qc3+ 53. Bf3 f6 54. Qg4 Qe1+ 55. Kh2 f5 56. Qg3 Qb4 
57. Bh5 Qd2+ 58. Kh3 Kh8 59. Bxg6 
1-0

[Event "34th Chess Olympiad (men)"]
[Site "Istanbul"]
[Date "2000.10.31"]
[Round "4.33.2"]
[White "Haznedaroglu, Kivanc"]
[Black "Tu Hoang, Thai"]
[WhiteElo "2249"]
[BlackElo "2335"]
[WhiteCountry "TURB"]
[BlackCountry "VIE"]
[Result "1/2-1/2"]

1. e4 c5 2. Nf3 a6 3. c3 d5 4. exd5 Qxd5 5. d4 e6 6. Be2 Nf6 7. O-O cxd4 
8. cxd4 Nc6 9. Bf4 Be7 10. Nc3 Qd8 11. a3 O-O 12. Qd2 b5 13. Rfd1 Na5 
14. Qc2 Bb7 15. b4 Nc6 16. Qb3 Bd6 17. Bxd6 Qxd6 18. d5 exd5 19. Nxd5 Nxd5 
20. Rxd5 Qe6 21. Rd3 Qxb3 
1/2-1/2

[Event "34th Chess Olympiad (men)"]
[Site "Istanbul"]
[Date "2000.10.31"]
[Round "4.33.3"]
[White "To, Quoc Khanh"]
[Black "Erdogan, Hakan"]
[WhiteElo "2000"]
[BlackElo "2217"]
[WhiteCountry "VIE"]
[BlackCountry "TURB"]
[Result "0-1"]

1. e4 c5 2. b3 Nf6 3. Nc3 Nc6 4. Bb5 d5 5. e5 d4 6. exf6 dxc3 7. fxe7 cxd2+ 
8. Qxd2 Bxe7 9. Qxd8+ Bxd8 10. Be3 Ba5+ 11. Bd2 Bxd2+ 12. Kxd2 Bd7 13. Re1+ Kd8 
14. Nf3 f6 15. Kc3 Rc8 16. Re3 a6 17. Bxc6 Rxc6 18. Nd2 Re8 19. Rhe1 b5 
20. Rxe8+ Bxe8 21. Ne4 Bg6 22. f3 Kc7 23. Nf2 b4+ 24. Kd2 c4 25. bxc4 Rxc4 
26. Nd3 Kd6 27. g3 a5 28. Re3 Rc3 29. a4 Ra3 30. g4 Rxa4 31. f4 Ra2 32. f5 Bf7 
33. Nc1 Rb2 34. Rd3+ Bd5 35. Nb3 a4 36. Kc1 Ra2 37. Nd2 Ra1+ 38. Kb2 Rg1 
39. c4 bxc3ep+ 40. Rxc3 Rxg4 41. Ka3 Ke5 42. Rc5 Kd6 43. Ra5 Rg2 44. Nf1 Ra2+ 
45. Kb4 Bc6 46. Ra7 Rb2+ 47. Kc3 Rb3+ 48. Kd4 Rb4+ 49. Kc3 Rb7 50. Ra6 Rb3+ 
51. Kd4 Kc7 52. Ne3 Kb7 53. Ra5 Rxe3 
0-1

[Event "34th Chess Olympiad (men)"]
[Site "Istanbul"]
[Date "2000.10.31"]
[Round "4.33.4"]
[White "Sayber, Zeki"]
[Black "Nguyen, Thanh Son"]
[WhiteElo "2204"]
[BlackElo "2000"]
[WhiteCountry "TURB"]
[BlackCountry "VIE"]
[Result "1/2-1/2"]

1. e4 e5 2. Nf3 Nf6 3. d4 Nxe4 4. Bd3 d5 5. dxe5 Nc5 6. Be2 Be7 7. O-O O-O 
8. Nbd2 Nc6 9. Nb3 Bg4 10. Bf4 Qd7 11. Nbd4 Nxd4 12. Nxd4 Bxe2 13. Qxe2 Ne6 
14. Qg4 h5 15. Qh3 Rad8 16. Qe3 Nxd4 17. Qxd4 c5 18. Qd2 Qf5 19. h3 Rfe8 
20. Rfe1 Bf8 21. f3 d4 22. Re4 c4 23. g4 Qc8 24. Qg2 hxg4 25. hxg4 c3 
26. bxc3 Qc7 27. c4 Qxc4 28. Rb1 Qc3 29. Rd1 Bc5 30. Kh2 Re6 31. Kg3 d3 
32. cxd3 Rxd3 33. Rc1 Qa3 34. Qe2 Rc6 35. e6 fxe6 36. Rxe6 Rxf3+ 37. Qxf3 Rxe6 
38. Rc3 Qb4 39. Rc1 Qa3 40. Rc3 Qb4 41. Rc1 Qa3 
1/2-1/2

[Event "34th Chess Olympiad (men)"]
[Site "Istanbul"]
[Date "2000.10.31"]
[Round "4.34.1"]
[White "Hatanbaatar, Bazar"]
[Black "Sarsam, Abdulla"]
[WhiteElo "2507"]
[BlackElo "2423"]
[WhiteCountry "MGL"]
[BlackCountry "IRQ"]
[Result "1-0"]

1. e4 e5 2. Nf3 Nc6 3. Bb5 a6 4. Ba4 d6 5. c3 Bd7 6. d4 g6 7. Bg5 f6 8. Be3 Nh6 
9. O-O Nf7 10. dxe5 fxe5 11. c4 Bh6 12. Bxh6 Nxh6 13. Qc1 Nf7 14. c5 O-O 
15. cxd6 cxd6 16. Bb3 Kg7 17. Qe3 Bg4 18. Nbd2 Qe7 19. Rac1 Nfd8 20. h3 Bxf3 
21. Nxf3 Ne6 22. Bd5 Rac8 23. Bxe6 Qxe6 24. b3 h6 25. Rfd1 Rf6 26. Nh2 h5 
27. Qb6 Qe7 28. Rc3 Rf4 29. f3 Rff8 30. Rdc1 Qd7 31. Nf1 Ne7 32. Rc7 Qe6 
33. Qxb7 Rxc7 34. Rxc7 Rf7 35. Ne3 Qf6 36. Nd5 Nxd5 37. Rxf7+ Qxf7 
38. Qxf7+ Kxf7 39. exd5 Ke7 40. Kf2 Kd7 41. Ke3 Kc7 42. Kd3 Kb6 43. Kc4 Ka5 
44. h4 Kb6 45. b4 
1-0

[Event "34th Chess Olympiad (men)"]
[Site "Istanbul"]
[Date "2000.10.31"]
[Round "4.34.4"]
[White "Maftool, Abdul Hadi"]
[Black "Erhembayar, Duurenbayar"]
[WhiteElo "2266"]
[BlackElo "2301"]
[WhiteCountry "IRQ"]
[BlackCountry "MGL"]
[Result "0-1"]

1. e4 c5 2. c3 d5 3. exd5 Qxd5 4. d4 Nc6 5. Nf3 Bg4 6. Be2 e6 7. h3 Bh5 
8. O-O cxd4 9. cxd4 Nf6 10. Nc3 Qd8 11. Be3 Be7 12. Qb3 O-O 13. Qxb7 Nb4 
14. Qb5 Rb8 15. Qa4 Nbd5 16. Nxd5 Nxd5 17. b3 Nc3 18. Qa6 Nxe2+ 19. Qxe2 Qd5 
20. Rac1 Rfc8 21. Rxc8+ Rxc8 22. Rc1 Rxc1+ 23. Bxc1 h6 24. g4 Bg6 25. Ne5 Bb1 
26. Be3 f6 27. Nc4 Kf7 28. a4 Bg6 29. f3 Bb4 30. Bf2 Ke7 31. Qe3 Be8 
32. Qe4 Qxe4 33. fxe4 Bg6 34. d5 Bxe4 35. dxe6 a6 36. Be3 Bc2 37. Nd2 Kxe6 
38. Kf2 Kd5 39. Ke2 Bc3 40. Ba7 Bd4 41. Bb8 f5 42. gxf5 Bxf5 43. h4 Bc2 
44. Bg3 Kc5 45. Be1 Ba1 46. Ke3 Kb4 47. Ne4+ Kxb3 48. Nc5+ Kc4 49. Nxa6 Bxa4 
50. Nb4 Bd4+ 51. Ke4 Bc5 52. Na6 Bd6 53. Ba5 Kb5 54. Bc7 Be7 55. Nb8 Bxh4 
56. Be5 Bc2+ 57. Kf3 Bf5 58. Bxg7 Bg5 59. Be5 Kb6 60. Kg3 Kb7 61. Bd6 Bc8 
62. Be5 Bd8 63. Bf4 h5 64. Be5 h4+ 65. Kh2 Ba5 66. Bf4 Bb6 
0-1

[Event "34th Chess Olympiad (men)"]
[Site "Istanbul"]
[Date "2000.10.31"]
[Round "4.35.1"]
[White "Gonzalez, Bernal"]
[Black "Williams, Leighton"]
[WhiteElo "2428"]
[BlackElo "2317"]
[WhiteCountry "CRC"]
[BlackCountry "WLS"]
[Result "1-0"]

1. e4 c5 2. Nc3 Nc6 3. g3 g6 4. Bg2 Bg7 5. d3 d6 6. f4 e6 7. Nf3 Nge7 
8. O-O O-O 9. Be3 Nd4 10. e5 Bd7 11. Ne4 Nef5 12. Bf2 Bc6 13. c3 Nxf3+ 
14. Qxf3 h5 15. exd6 b6 16. Nf6+ Bxf6 17. Qxc6 Rb8 18. d7 Ne7 19. Qb5 Qc7 
20. Rad1 Nf5 21. Qc6 Qxc6 22. Bxc6 a6 23. a4 Ne7 24. Bf3 Nd5 25. a5 bxa5 
26. Bxc5 Rfd8 27. Rd2 Rxd7 28. d4 Rb3 29. Ra1 Rdb7 30. Ra2 Rb8 31. Be2 Bd8 
32. Bxa6 Bc7 33. Kf2 Kg7 34. Be2 h4 35. c4 Nf6 36. Bf3 hxg3+ 37. hxg3 Rh8 
38. Kg2 Rhb8 39. d5 Rxf3 40. Kxf3 Rb3+ 41. Be3 Bb6 42. Re2 exd5 43. Ra3 Rxa3 
44. bxa3 d4 45. Bf2 d3 46. Rd2 Bxf2 47. Rxf2 
1-0

[Event "34th Chess Olympiad (men)"]
[Site "Istanbul"]
[Date "2000.10.31"]
[Round "4.35.2"]
[White "Dineley, Richard"]
[Black "Valdes, Leonardo (fm)"]
[WhiteElo "2273"]
[BlackElo "2308"]
[WhiteCountry "WLS"]
[BlackCountry "CRC"]
[Result "1/2-1/2"]

1. e4 d6 2. d4 Nf6 3. Nc3 g6 4. f4 Bg7 5. Nf3 c5 6. Bb5+ Bd7 7. e5 Ng4 
8. Bxd7+ Qxd7 9. d5 dxe5 10. h3 e4 11. Nxe4 Nf6 12. Nxf6+ Bxf6 13. O-O O-O 
14. Be3 Rd8 15. c4 e6 16. Ne5 Qe7 17. Qf3 exd5 18. cxd5 Nd7 19. Nc4 Nb6 
20. d6 Qe6 21. Nxb6 axb6 22. f5 Qxe3+ 23. Qxe3 Bd4 24. Qxd4 cxd4 25. fxg6 hxg6 
26. Rf6 Ra5 27. d7 Rxd7 28. Rxb6 Kg7 29. a3 Kh6 30. Rd1 Kg5 31. Kf2 Kf4 
32. Rb4 Rad5 33. Rd3 Ke4 34. Rdb3 Rf5+ 35. Ke2 Rc5 36. Kd2 Rdc7 37. Rxb7 Rc2+ 
38. Ke1 Rxb7 39. Rxb7 Rxg2 40. Rxf7 Rxb2 41. a4 Ra2 42. Rf6 g5 43. Rg6 Kf5 
44. Ra6 Ra3 45. a5 Rxh3 46. Ra8 Ra3 47. a6 Ra2 48. a7 Kg4 49. Kd1 Kg3 
50. Rg8 Rxa7 51. Rxg5+ Kf4 52. Rh5 Ra3 53. Kd2 Ke4 54. Rh4+ Kd5 55. Rh8 Ra2+ 
56. Kd3 Ke5 
1/2-1/2

[Event "34th Chess Olympiad (men)"]
[Site "Istanbul"]
[Date "2000.10.31"]
[Round "4.35.3"]
[White "Hernandez, Basante Francisco"]
[Black "Zeidler, Sven P"]
[WhiteElo "2309"]
[BlackElo "2255"]
[WhiteCountry "CRC"]
[BlackCountry "WLS"]
[Result "0-1"]

1. d4 f5 2. Nc3 d5 3. Bg5 c6 4. e3 Qb6 5. Rb1 Nd7 6. Bd3 Ndf6 7. Nge2 Ne4 
8. Bf4 Ngf6 9. O-O e6 10. Na4 Qa5 11. c3 b5 12. Nc5 Bxc5 13. dxc5 Qxa2 
14. b4 Qd2 15. f3 g5 16. Bc7 Qxe3+ 17. Kh1 Nf2+ 18. Rxf2 Qxf2 19. Be5 O-O 
20. Ng3 Qe3 21. Bd6 f4 22. Rb2 fxg3 23. Re2 Ne4 24. Bxe4 Qxc3 25. Be5 Qxb4 
26. Qc1 h6 27. Bb1 Qc4 28. Rc2 Qh4 29. Bxg3 Qh5 30. Re2 a5 31. Be5 Ra7 
32. Ba1 e5 33. Rxe5 Bh3 34. Qc3 b4 35. Qe3 Raf7 36. Re7 Bxg2+ 37. Kg1 Qxf3 
38. Bh7+ Kxh7 
0-1

[Event "34th Chess Olympiad (men)"]
[Site "Istanbul"]
[Date "2000.10.31"]
[Round "4.35.4"]
[White "Binks, Michael"]
[Black "Trejos, Enrique"]
[WhiteElo "2155"]
[BlackElo "2000"]
[WhiteCountry "WLS"]
[BlackCountry "CRC"]
[Result "1/2-1/2"]

1. d4 c5 2. d5 Nf6 3. c4 e6 4. Nc3 exd5 5. Nxd5 Nxd5 6. Qxd5 Be7 7. e3 Na6 
8. Qd1 O-O 9. Be2 Nc7 10. Nf3 d5 11. O-O Bf6 12. Qc2 Qe7 13. Bd2 Bg4 
14. Rfe1 b6 15. cxd5 Nxd5 16. e4 Nb4 17. Bxb4 cxb4 18. e5 Bg5 19. Nxg5 Qxg5 
20. Bxg4 Qxg4 21. Qe4 
1/2-1/2

[Event "34th Chess Olympiad (men)"]
[Site "Istanbul"]
[Date "2000.10.31"]
[Round "4.36.2"]
[White "Wagener, Claude"]
[Black "Onkoud, Abdelaziz"]
[WhiteElo "2210"]
[BlackElo "2309"]
[WhiteCountry "LUX"]
[BlackCountry "MAR"]
[Result "1/2-1/2"]

1. e4 c5 2. Nf3 d6 3. d4 cxd4 4. Nxd4 Nf6 5. Nc3 g6 6. Be3 Bg7 7. f3 Nc6 
8. Qd2 O-O 9. O-O-O Nxd4 10. Bxd4 Be6 11. Kb1 Qc7 12. g4 Rfc8 13. h4 Qa5 
14. Qg5 Qxg5 15. hxg5 Nd7 16. Bxg7 Kxg7 17. Rh4 f6 18. gxf6+ Nxf6 19. Be2 g5 
20. Rh2 Rh8 21. Nb5 Rac8 22. Rdh1 a6 23. Nd4 Bd7 24. Bd3 e5 25. Ne2 Be8 
26. Kc1 Bg6 27. Ng3 Rc7 28. Kd2 Rd8 29. c4 Ne8 30. Ke3 Kf6 31. Nf5 Ng7 
32. Nxg7 Kxg7 33. Rc2 Rdc8 34. Rd2 Kf6 35. Rhd1 Ke7 36. Rh1 
1/2-1/2

[Event "34th Chess Olympiad (men)"]
[Site "Istanbul"]
[Date "2000.10.31"]
[Round "4.36.3"]
[White "Bintafrit, Sameer"]
[Black "Brittner, Serge"]
[WhiteElo "2285"]
[BlackElo "2000"]
[WhiteCountry "MAR"]
[BlackCountry "LUX"]
[Result "1-0"]

1. e4 e6 2. d4 d5 3. Nc3 Bb4 4. exd5 exd5 5. Bd3 Nf6 6. Bg5 O-O 7. Qf3 Bxc3+ 
8. bxc3 Qe8+ 9. Kf1 Ne4 10. Re1 f5 11. h4 c5 12. dxc5 Nc6 13. Bf4 Ne5 
14. Qe3 Ng4 15. Qd4 Ngf6 16. Nf3 Qd8 17. h5 Qa5 18. h6 Qxc3 19. Rxe4 Nxe4 
20. Qxd5+ Rf7 21. Be5 Be6 22. Qxe6 Qxc5 23. Bd4 Nd2+ 24. Ke2 Qa5 25. Nxd2 Qa4 
26. Qc4 
1-0

[Event "34th Chess Olympiad (men)"]
[Site "Istanbul"]
[Date "2000.10.31"]
[Round "4.36.4"]
[White "Risch, Michel"]
[Black "Mokhils, Eladnani"]
[WhiteElo "2000"]
[BlackElo "2000"]
[WhiteCountry "LUX"]
[BlackCountry "MAR"]
[Result "0-1"]

1. d4 Nf6 2. c4 g6 3. Nc3 Bg7 4. e4 d6 5. f3 O-O 6. Be3 c6 7. Bd3 a6 8. a4 e5 
9. d5 c5 10. a5 Nh5 11. Qd2 f5 12. Na4 Nd7 13. Ne2 fxe4 14. Bxe4 b5 
15. axb6ep Nxb6 16. Nxb6 Qxb6 17. O-O Bd7 18. Ra5 Rfb8 19. Rb1 Bf5 20. Ra3 Bxe4 
21. fxe4 Nf6 22. Ng3 Ng4 23. Nf1 a5 24. h3 Nf6 25. Qc2 Nh5 26. g3 Rf8 
27. Kg2 Rf7 28. Rb3 Qc7 29. Ra1 Raf8 30. Rba3 Rf6 31. Rxa5 Rxf1 32. Ra7 Qb8 
33. Ra8 Qc7 34. R8a7 Qb6 35. Rxg7+ Kxg7 36. Rxf1 Rxf1 37. Kxf1 Nxg3+ 
38. Kg2 Nh5 39. Qd2 Qc7 40. Bh6+ Kg8 41. b4 cxb4 42. Qxb4 Kf7 43. Qa4 Nf6 
44. Kf3 Qc8 45. Qa7+ Ke8 46. Qa4+ Kf7 47. Qa7+ Qd7 48. Be3 Qxa7 49. Bxa7 Nd7 
50. Be3 Kf6 51. h4 h5 52. Bg5+ Kf7 53. Be3 Ke8 54. Bg5 Nb6 55. c5 dxc5 
56. Be3 Na4 57. Ke2 c4 58. Kd2 Kd7 59. Bh6 c3+ 60. Kc2 Nc5 61. Kxc3 Nxe4+ 
62. Kc4 Nd6+ 63. Kc5 Nf5 64. Bg5 e4 65. Kc4 e3 66. Kd3 Kd6 67. Bxe3 Kxd5 
68. Bg5 Ke5 69. Ke2 Ke4 70. Kf2 Nd4 71. Kg3 Kf5 72. Bd8 Ne6 73. Be7 Nc7 
74. Bg5 Nd5 75. Bd2 Nf6 76. Kh3 Ne4 77. Be3 Nd6 78. Bg5 Ke4 79. Be7 Nf5 
80. Bf6 Kf3 81. Be5 Ne3 82. Bf6 Nd5 83. Bg5 Nf4+ 84. Kh2 Kg4 85. Be7 Nd3 
86. Bf6 Ne1 87. Kh1 Nf3 88. Bd8 Nxh4 89. Bc7 g5 90. Bd8 Nf3 91. Bc7 Kh3 
92. Bd8 g4 93. Bc7 h4 94. Bd6 Nd2 95. Bf4 Ne4 96. Be3 g3 97. Kg1 Kg4 98. Bb6 h3 
99. Bd4 Kf3 100. Bb6 h2+ 101. Kh1 Nf2+ 
0-1

[Event "34th Chess Olympiad (men)"]
[Site "Istanbul"]
[Date "2000.10.31"]
[Round "4.37.2"]
[White "Clerides, Paraskevas"]
[Black "Bagirov, Rufat"]
[WhiteElo "2226"]
[BlackElo "2471"]
[WhiteCountry "CYP"]
[BlackCountry "AZE"]
[Result "0-1"]

1. e4 e6 2. d4 d5 3. Nc3 Nf6 4. e5 Nfd7 5. f4 c5 6. Nf3 a6 7. Be3 Nc6 8. Qd2 b5 
9. dxc5 Bxc5 10. Nd4 Qb6 11. Nce2 O-O 12. O-O-O f6 13. exf6 Nxf6 14. Kb1 Bd7 
15. Bg1 Ne4 16. Qe1 Rac8 17. Nxc6 Qxc6 18. c3 e5 19. Qh4 d4 20. cxd4 Bxd4 
21. Nc3 Nxc3+ 22. bxc3 Qxc3 23. Bxd4 Qc2+ 
0-1

[Event "34th Chess Olympiad (men)"]
[Site "Istanbul"]
[Date "2000.10.31"]
[Round "4.37.3"]
[White "Mamedyarov, Shakhriyar"]
[Black "Papatryfonos, Constantinos"]
[WhiteElo "2301"]
[BlackElo "2000"]
[WhiteCountry "AZE"]
[BlackCountry "CYP"]
[Result "1-0"]

1. d4 f5 2. Nf3 Nf6 3. g3 g6 4. Bg2 Bg7 5. O-O O-O 6. c4 d6 7. Nc3 Nc6 
8. d5 Ne5 9. Nxe5 dxe5 10. e4 f4 11. b4 g5 12. Bb2 h6 13. c5 a6 14. f3 fxg3 
15. hxg3 Qe8 16. Ne2 Nh7 17. Qb3 Kh8 18. Bc3 e6 19. d6 cxd6 20. cxd6 Qb5 
21. Rf2 Rd8 22. Rd1 Qb6 23. f4 exf4 24. Bxg7+ Kxg7 25. Qc3+ Nf6 26. gxf4 Kg6 
27. Qc5 Qxc5 28. bxc5 e5 29. fxe5 Ng4 30. Rf5 Bxf5 31. exf5+ Kxf5 32. Bxb7 Nxe5 
33. Nd4+ Kf6 34. Bxa8 Rxa8 35. c6 Nf7 36. Rf1+ Kg6 37. d7 Ne5 38. Re1 Nxd7 
39. cxd7 Rd8 40. Ne6 
1-0

[Event "34th Chess Olympiad (men)"]
[Site "Istanbul"]
[Date "2000.10.31"]
[Round "4.37.4"]
[White "Lazari, Stelios"]
[Black "Mamedov, Nidjat"]
[WhiteElo "2000"]
[BlackElo "2403"]
[WhiteCountry "CYP"]
[BlackCountry "AZE"]
[Result "0-1"]

1. d4 Nf6 2. c4 g6 3. Nc3 Bg7 4. e4 d6 5. Be2 O-O 6. Nf3 e5 7. d5 a5 8. O-O Na6 
9. Bg5 h6 10. Bh4 Qe8 11. h3 Nh5 12. Nh2 Nf4 13. Bf3 f5 14. exf5 gxf5 
15. Re1 Nc5 16. Re3 e4 17. Nb5 Qf7 18. Be2 Nxe2+ 19. Rxe2 f4 20. f3 e3 
21. Rc1 Bf5 22. Rc3 Bxc3 23. Nxc3 Qh5 24. Be1 Bd3 25. Ng4 Qg6 26. a3 h5 
27. Nh2 Bxc4 28. Qd4 Bxe2 29. Nxe2 Qd3 30. Bc3 Qxd4 31. Nxd4 Na4 
0-1

[Event "34th Chess Olympiad (men)"]
[Site "Istanbul"]
[Date "2000.10.31"]
[Round "4.38.2"]
[White "Mallahi, Amir"]
[Black "Pitterson, Jomo"]
[WhiteElo "2389"]
[BlackElo "2262"]
[WhiteCountry "IRI"]
[BlackCountry "JAM"]
[Result "1/2-1/2"]

1. e4 c5 2. Nf3 d6 3. d4 cxd4 4. Nxd4 Nf6 5. Nc3 a6 6. f4 e5 7. Nf3 Nbd7 
8. Bd3 Be7 9. O-O b5 10. Qe1 Bb7 11. a4 b4 12. Nd1 O-O 13. Kh1 Rc8 
14. fxe5 dxe5 15. Bg5 Nh5 16. Bd2 a5 17. Ne3 Re8 18. Nf5 Bf8 19. Rd1 Qb6 
20. Qh4 Qg6 21. Ng5 Ndf6 22. Rde1 h6 23. Nh3 Red8 24. b3 Rc6 25. Qf2 Bc5 
26. Be3 Ng4 27. Qh4 Rxd3 28. cxd3 Nxe3 29. Nxe3 Bxe3 30. Rxe3 Rc2 31. Rg1 f6 
32. Qe1 Bc8 33. Qb1 Rc3 34. Nf2 Nf4 35. g3 Ne6 36. Rc1 Nd4 37. Nd1 Qg5 
38. Rxc3 bxc3 39. h4 c2 40. Qxc2 Nxc2 41. hxg5 Nxe3 42. Nxe3 Ba6 43. gxf6 Bxd3 
44. fxg7 Bxe4+ 45. Kg1 Kxg7 46. Nc4 Bc2 47. Nxa5 Kf6 48. Kf2 Kf5 49. Ke3 Kg4 
50. Kd2 Be4 51. Nc4 Kxg3 52. Nxe5 h5 53. Ke3 
1/2-1/2

[Event "34th Chess Olympiad (men)"]
[Site "Istanbul"]
[Date "2000.10.31"]
[Round "4.38.4"]
[White "Ghane, Shojaat"]
[Black "Wheeler, Robert"]
[WhiteElo "2315"]
[BlackElo "2226"]
[WhiteCountry "IRI"]
[BlackCountry "JAM"]
[Result "1-0"]

1. d4 Nf6 2. c4 g6 3. Nc3 d5 4. Bf4 c6 5. e3 Bg7 6. Nf3 O-O 7. h3 Be6 
8. Qb3 Qb6 9. c5 Qxb3 10. axb3 Ne4 11. b4 Nxc3 12. bxc3 f6 13. Be2 a6 
14. b5 cxb5 15. Bxb5 Nd7 16. Be2 Bf7 17. O-O e5 18. Bg3 Rfe8 19. Rfb1 Ra7 
20. Bb5 Re7 21. Ra3 Nf8 22. Ba4 h6 23. Nd2 Ne6 24. Nb3 Nd8 25. Na5 g5 
26. Rab3 Bg6 27. R1b2 f5 28. Bxe5 Bxe5 29. dxe5 Bf7 30. Rb6 Kg7 31. f4 gxf4 
32. exf4 Rc7 33. Nb3 Ne6 34. Nd4 Nxf4 35. Nxf5+ Kf8 36. c6 Ra8 37. cxb7 Rb8 
38. Rxa6 Be8 39. Bxe8 Kxe8 40. Ra8 
1-0

[Event "34th Chess Olympiad (men)"]
[Site "Istanbul"]
[Date "2000.10.31"]
[Round "4.39.1"]
[White "Fernandes, Antonio"]
[Black "Bouaziz, Slim"]
[WhiteElo "2438"]
[BlackElo "2383"]
[WhiteCountry "POR"]
[BlackCountry "TUN"]
[Result "1-0"]

1. d4 Nf6 2. c4 e6 3. Nc3 c5 4. d5 exd5 5. cxd5 d6 6. Nf3 g6 7. Bf4 Bg7 
8. Qa4+ Bd7 9. Qb3 Qc7 10. e4 Nh5 11. Be3 O-O 12. Nd2 a6 13. a4 f5 
14. exf5 gxf5 15. Be2 Be8 16. Nf3 f4 17. Bd2 Qe7 18. O-O Nd7 19. Rae1 Ne5 
20. Ne4 Bg6 21. Nxe5 Qxe5 22. Bc3 Qxe4 23. Bxh5 Qc2 24. Qxc2 Bxc2 25. Bxg7 Kxg7 
26. Re7+ Kg8 27. a5 Rab8 28. Rd7 Rfd8 29. Rxd8+ Rxd8 30. Re1 Bb3 31. Bf3 Ba4 
32. Bg4 Bb3 33. Bf3 Ba4 34. Bg4 Bb3 35. Be6+ Kg7 36. f3 Rf8 37. Kf2 Rf6 
38. Rc1 Rf8 39. Rc3 c4 40. Rc1 b6 41. axb6 Rb8 42. g3 fxg3+ 43. hxg3 Rxb6 
44. Ra1 Bc2 45. Ke3 Kf6 46. Kd4 Bd3 47. b4 Rxb4 48. Rxa6 Ke7 49. Ra7+ Ke8 
50. Ra8+ Ke7 51. Ra7+ Ke8 52. f4 Rb1 53. f5 Rf1 54. g4 h6 55. Rh7 Rh1 
56. Rg7 Rf1 57. Rh7 Rh1 58. Rg7 Rf1 59. Rg6 h5 60. Rh6 Rf4+ 61. Kc3 Rf3 
62. f6 Bg6+ 63. Kxc4 Rxf6 64. g5 Rf4+ 65. Kb5 Bf5 66. Kc6 Bxe6 67. Rxe6+ Kf7 
68. Rh6 Rg4 69. Rxh5 Kg6 70. Rh1 Rxg5 71. Rf1 Rg2 72. Kxd6 Rd2 73. Ke6 Kg7 
74. d6 Re2+ 75. Kd7 Rd2 76. Ke7 Re2+ 77. Kd8 Rd2 78. d7 Rc2 79. Rf4 Rc1 
80. Ke7 Re1+ 81. Kd6 Rd1+ 82. Kc6 Kg8 83. Rf5 Rxd7 
1-0

[Event "34th Chess Olympiad (men)"]
[Site "Istanbul"]
[Date "2000.10.31"]
[Round "4.39.3"]
[White "Frois, Antonio"]
[Black "Bejaoui, Anis"]
[WhiteElo "2346"]
[BlackElo "2124"]
[WhiteCountry "POR"]
[BlackCountry "TUN"]
[Result "1-0"]

1. Nf3 Nf6 2. c4 g6 3. b3 Bg7 4. Bb2 c5 5. g3 Nc6 6. Bg2 O-O 7. O-O d6 
8. Nc3 Qa5 9. Qc1 Rb8 10. d3 Bg4 11. Re1 a6 12. h3 Bd7 13. Kh2 b5 14. e3 h6 
15. Qd2 Rfe8 16. Red1 bxc4 17. dxc4 Nb4 18. Qe2 Qc7 19. Rd2 a5 20. a4 Bc6 
21. Ne1 Qb7 22. Bxc6 Qxc6 23. Qf3 Qxf3 24. Nxf3 Nc6 25. Nb5 Ne4 26. Re2 Rb7 
27. Bxg7 Kxg7 28. Nd2 Nxd2 29. Rxd2 f5 30. Kg2 Rf8 31. f4 g5 32. Kf3 Kg6 
33. Re1 Rf7 34. Rh1 gxf4 35. gxf4 Kh7 36. Rg1 Nb4 37. Rdg2 
1-0

[Event "34th Chess Olympiad (men)"]
[Site "Istanbul"]
[Date "2000.10.31"]
[Round "4.39.4"]
[White "Bouhlel, Mohamed"]
[Black "Fernando, Diogo"]
[WhiteElo "2000"]
[BlackElo "2257"]
[WhiteCountry "TUN"]
[BlackCountry "POR"]
[Result "0-1"]

1. e4 c5 2. c3 d6 3. d4 Nf6 4. Bd3 g6 5. Ne2 cxd4 6. cxd4 Bg7 7. Nbc3 O-O 
8. f3 e5 9. d5 Nh5 10. Be3 f5 11. O-O f4 12. Bf2 g5 13. Nc1 Nf6 14. Be2 Rf7 
15. Kh1 Bf8 16. Rg1 Rg7 17. g4 fxg3ep 18. Bxg3 Nh5 19. Nd3 Nd7 20. Nf2 Ndf6 
21. Ng4 Nxg3+ 22. hxg3 Rg6 23. Rg2 Qb6 24. Na4 Qa5 25. Nxf6+ Rxf6 26. Qb3 Bd7 
27. Nc3 b5 28. Rgg1 Rh6+ 29. Kg2 Bh3+ 
0-1